Biogeographic barriers in a subdued landscape (Registro nro. 13739)

Detalles MARC
000 -CABECERA
Campo de control 004360000a22001210004500
090 ## - CLASIFICACIÓN LOCAL
Colección AR
Consecutivo 04639
041 0# - IDIOMA
Código de idioma para texto/pista de sonido o título separado
100 1# - ASIENTO PRINCIPAL--NOMBRE PERSONAL
Nombre personal Wardell Johnson, G.
245 10 - MENCION DE TITULO
Título Biogeographic barriers in a subdued landscape
Version the distribution of the Geocrinia rosea (Anura: Myobatrachidae) complex in south - western Australia
700 1# - ASIENTO SECUNDARIO - NOMBRE PERSONAL
Nombre personal Roberts, J. D.
773 1# - Item fuente:
Título Journal of Biogeography
Paginas del Articulo 95-108 p.
Lugar, editorial y fecha de publicación 1993
Información sobre la relación 20
942 ## - ELEMENTOS ADICIONALES (KOHA)
Tipo de ítem Artículo
Existencias
Withdrawn status Lost status Damaged status No para préstamo Colección Ubicación Permanente Ubicación actual Fecha de adquisición Fuente de Valor Datos de publicación Seriada Total Checkouts Número topográfico Inventario / Código de Barras Date last seen Ejemplar Price effective from Forma de adquisición Tipo de material
      No para Préstamo Hemeroteca Bogotá Bogotá 09/04/2010 Escobar Sarria, Federico Fuera de circulación   AR 04639 027994 25/03/2015 1 25/03/2015   Artículo